000 nam a22 7a 4500
999 _c233178
_d233178
003 Nust
005 20170303155751.0
008 170303b xxu||||| |||| 00| 0 eng d
040 _cDLC
082 _a891.4391 ANW
245 _aمیلی میلی دھوپ
_cانور مسعود
260 _aIslamabad :
_c2006
300 _a141p. :
_c25cm
942 _2ddc
_cBK